<?xml version="1.0" encoding="UTF-8"?>
<record
    xmlns:xsi="http://www.w3.org/2001/XMLSchema-instance"
    xsi:schemaLocation="http://www.loc.gov/MARC21/slim http://www.loc.gov/standards/marcxml/schema/MARC21slim.xsd"
    xmlns="http://www.loc.gov/MARC21/slim">

  <leader>02722    a2200241   4500</leader>
  <controlfield tag="001">27238</controlfield>
  <controlfield tag="005">20260407155548.0</controlfield>
  <controlfield tag="008">260407a2000    arg                 spa d</controlfield>
  <controlfield tag="003">AR-UNSa-BCEJYS</controlfield>
  <datafield tag="040" ind1=" " ind2=" ">
    <subfield code="a">AR-UNSa-BCEJYS</subfield>
    <subfield code="b">spa</subfield>
    <subfield code="c">AR-UNSa-BCEJYS</subfield>
  </datafield>
  <datafield tag="080" ind1=" " ind2=" ">
    <subfield code="a">658.5</subfield>
    <subfield code="x">Planificaci&#xF3;n y control de la producci&#xF3;n
</subfield>
  </datafield>
  <datafield tag="245" ind1="1" ind2="0">
    <subfield code="a">Administraci&#xF3;n de producci&#xF3;n y operaciones</subfield>
  </datafield>
  <datafield tag="020" ind1=" " ind2=" ">
    <subfield code="a">970-686-031-2</subfield>
  </datafield>
  <datafield tag="250" ind1=" " ind2=" ">
    <subfield code="a">8a. ed.</subfield>
  </datafield>
  <datafield tag="264" ind1=" " ind2="1">
    <subfield code="a">M&#xE9;xico :</subfield>
    <subfield code="b">International Thomson Editores</subfield>
    <subfield code="c">2000</subfield>
  </datafield>
  <datafield tag="300" ind1=" " ind2=" ">
    <subfield code="a">xvii, 846 p.</subfield>
    <subfield code="c">27 cm.</subfield>
  </datafield>
  <datafield tag="505" ind1=" " ind2=" ">
    <subfield code="a">Parte I: Administraci&#xF3;n de la producci&#xF3;n y de las operaciones: Introducci&#xF3;n y panorama general : 1. Administraci&#xF3;n de la producci&#xF3;n y de las operaciones: una introducci&#xF3;n - 2. Estrategia de las operaciones: Utilizaci&#xF3;n de calidad, del costo y del servicio como armas competitivas - 3. Los pron&#xF3;sticos en la administraci&#xF3;n de la producci&#xF3;n y de las operaciones: punto de partida de toda planeaci&#xF3;n - Parte II: Decisiones estrat&#xE9;gicas: Planeaci&#xF3;n de productos, procesos, tecnolog&#xED;as e instalaciones: 4. Dise&#xF1;o y desarrollo de productos y de procesos de producci&#xF3;n: operaciones de manufactura y de servicio - 5. Tecnolog&#xED;a de la producci&#xF3;n: selecci&#xF3;n y administraci&#xF3;n - 6. Asignaci&#xF3;n de recursos a alternativas estrat&#xE9;gicas - 7. Planeaci&#xF3;n de la capacidad a largo plazo - 8. Disposici&#xF3;n f&#xED;sica de las instalaciones - Parte III: Decisiones de operaci&#xF3;n: Planeaci&#xF3;n de la producci&#xF3;n para cumplir con la demanda : 9. Sistema de planeaci&#xF3;n de la produci&#xF3;n: Planeaci&#xF3;n agregada y programa maestro de la producci&#xF3;n - 10. Sistemas de inventarios sujetos a demanda independiente - 11. Sistema de planeaci&#xF3;n de los requerimientos de recursos planeaci&#xF3;n de los requerimientos de los materiales(MRP) y planeaci&#xF3;n de los requerimientos de capapcidad (CRP) - 12. Planeaci&#xF3;n y control de piso de taller en la manufactura - 13. Planeaci&#xF3;n y programaci&#xF3;n de operaciones de servicio - 14. Fabricaci&#xF3;n o manufactura justo a tiempo ( JIT) - 15. Administraci&#xF3;n de cadena de suministros - Parte IV: Decisiones de control: Planeaci&#xF3;n y control de la operaciones para la productividad, calidad y confiabilidad : 16. Productividad, trabajo en equipo y delegaci&#xF3;n de autoridad: comportamiento, m&#xE9;todos de trabajo y medici&#xF3;n del trabajo - 17. Administraci&#xF3;n de la calidad - 18. Control de calidad - 19. Planeaci&#xF3;n  y control de proyectos - 20. Administraci&#xF3;n de mantenimiento y confiabilidad.</subfield>
  </datafield>
  <datafield tag="942" ind1=" " ind2=" ">
    <subfield code="c">BK</subfield>
  </datafield>
  <datafield tag="590" ind1=" " ind2=" ">
    <subfield code="a">niveau_biblio:m niveau_hierar:0</subfield>
  </datafield>
  <datafield tag="100" ind1="1" ind2=" ">
    <subfield code="a">Gaither, Norman</subfield>
  </datafield>
  <datafield tag="700" ind1="1" ind2=" ">
    <subfield code="a">Frazier, Greg</subfield>
  </datafield>
  <datafield tag="856" ind1="4" ind2="1">
    <subfield code="u">https://biblioeco.unsa.edu.ar/pmb/images/libros/Administraci?n de Producci?n y Operaciones-l116394.jpg</subfield>
    <subfield code="y">Imagen de portada</subfield>
    <subfield code="q">image/jpeg</subfield>
  </datafield>
  <datafield tag="999" ind1=" " ind2=" ">
    <subfield code="c">1568</subfield>
    <subfield code="d">1568</subfield>
  </datafield>
  <datafield tag="952" ind1=" " ind2=" ">
    <subfield code="0">0</subfield>
    <subfield code="1">0</subfield>
    <subfield code="4">0</subfield>
    <subfield code="7">0</subfield>
    <subfield code="a">BCEJYS</subfield>
    <subfield code="b">BCEJYS</subfield>
    <subfield code="c">16</subfield>
    <subfield code="d">2026-04-07</subfield>
    <subfield code="l">0</subfield>
    <subfield code="o">658.5 G137 8ed.</subfield>
    <subfield code="p">L116394</subfield>
    <subfield code="r">2026-04-07 15:55:48</subfield>
    <subfield code="w">2026-04-07</subfield>
    <subfield code="y">L</subfield>
    <subfield code="z">RAYADO LEVE C/ L&#xC1;PIZ - PEQUE&#xD1;AS MANCHAS EN LAS 1RAS HOJAS - H&#xDA;MEDO </subfield>
  </datafield>
  <datafield tag="952" ind1=" " ind2=" ">
    <subfield code="0">0</subfield>
    <subfield code="1">0</subfield>
    <subfield code="4">0</subfield>
    <subfield code="7">0</subfield>
    <subfield code="a">BCEJYS</subfield>
    <subfield code="b">BCEJYS</subfield>
    <subfield code="c">16</subfield>
    <subfield code="d">2026-04-07</subfield>
    <subfield code="l">0</subfield>
    <subfield code="o">658.5 G137 8ed.</subfield>
    <subfield code="p">L116395</subfield>
    <subfield code="r">2026-04-07 15:55:48</subfield>
    <subfield code="w">2026-04-07</subfield>
    <subfield code="y">L</subfield>
  </datafield>
  <datafield tag="952" ind1=" " ind2=" ">
    <subfield code="0">0</subfield>
    <subfield code="1">0</subfield>
    <subfield code="4">0</subfield>
    <subfield code="7">0</subfield>
    <subfield code="a">BCEJYS</subfield>
    <subfield code="b">BCEJYS</subfield>
    <subfield code="c">16</subfield>
    <subfield code="d">2026-04-07</subfield>
    <subfield code="l">0</subfield>
    <subfield code="o">658.5 G137 8ed.</subfield>
    <subfield code="p">L87125</subfield>
    <subfield code="r">2026-04-07 15:55:48</subfield>
    <subfield code="w">2026-04-07</subfield>
    <subfield code="y">L</subfield>
    <subfield code="z">HOJAS ARRUGADAS - TAPA DOBLADA - TAPA SEMISUELTA - 1&#xB0; HOJA ESCRITA - RAYADO C/ L&#xC1;PIZ - &#xDA;LTIMA HOJA DA&#xD1;ADA - CANTO MANCHADO - PRIMERAS P&#xC1;GINAS UN POCO H&#xDA;MEDAS</subfield>
  </datafield>
  <datafield tag="952" ind1=" " ind2=" ">
    <subfield code="0">0</subfield>
    <subfield code="1">0</subfield>
    <subfield code="4">0</subfield>
    <subfield code="7">0</subfield>
    <subfield code="a">BCEJYS</subfield>
    <subfield code="b">BCEJYS</subfield>
    <subfield code="c">16</subfield>
    <subfield code="d">2026-04-07</subfield>
    <subfield code="l">0</subfield>
    <subfield code="o">658.5 G137 8ed.</subfield>
    <subfield code="p">L87124</subfield>
    <subfield code="r">2026-04-07 15:55:48</subfield>
    <subfield code="w">2026-04-07</subfield>
    <subfield code="y">L</subfield>
    <subfield code="z">TAPA RESTAURADA - 1RA Y &#xDA;LTIMA HOJA DA&#xD1;ADA - HOJAS SUELTAS DESDE P&#xC1;G. 833 EN ADELANTE - CANTO UN POCO SUCIO - P&#xC1;G. 313 ROTA</subfield>
  </datafield>
  <datafield tag="952" ind1=" " ind2=" ">
    <subfield code="0">0</subfield>
    <subfield code="1">0</subfield>
    <subfield code="4">0</subfield>
    <subfield code="7">0</subfield>
    <subfield code="a">BCEJYS</subfield>
    <subfield code="b">BCEJYS</subfield>
    <subfield code="c">16</subfield>
    <subfield code="d">2026-04-07</subfield>
    <subfield code="l">0</subfield>
    <subfield code="o">658.5 G137 8ed.</subfield>
    <subfield code="p">L87123</subfield>
    <subfield code="r">2026-04-07 15:55:48</subfield>
    <subfield code="w">2026-04-07</subfield>
    <subfield code="y">L</subfield>
  </datafield>
  <datafield tag="952" ind1=" " ind2=" ">
    <subfield code="0">0</subfield>
    <subfield code="1">0</subfield>
    <subfield code="4">0</subfield>
    <subfield code="7">0</subfield>
    <subfield code="a">BCEJYS</subfield>
    <subfield code="b">BCEJYS</subfield>
    <subfield code="c">16</subfield>
    <subfield code="d">2026-04-07</subfield>
    <subfield code="l">0</subfield>
    <subfield code="o">658.5 G137 8ed.</subfield>
    <subfield code="p">L116393</subfield>
    <subfield code="r">2026-04-07 15:55:49</subfield>
    <subfield code="w">2026-04-07</subfield>
    <subfield code="y">L</subfield>
  </datafield>
</record>
